| 000 | 00389nam a2200157Ia 4500 | ||
|---|---|---|---|
| 008 | 210716s2011 xx 000 0 und d | ||
| 020 | _a9788184952452 | ||
| 041 | _aeng | ||
| 082 | _a658.7 ANKJ | ||
| 100 | _aAnklesaria, Jimmy. | ||
| 245 | _aSupply chain cost management. | ||
| 250 | _a1 | ||
| 260 |
_aNew Delhi _bJaico Publishing House _c2011 |
||
| 300 | _axxiii,230 | ||
| 650 | _aNone | ||
| 999 |
_c206819 _d206819 |
||